Statistics for Name 160 K-POP Groups

Click here to take the quiz!

General Stats

  • This quiz has been taken 430 times
    (295 since last reset)
  • The average score is 44 of 160

Answer Stats

Answer% Correct
BTS
96%
BLACKPINK
93%
TWICE
77%
EXO
72%
Aespa
70%
NewJeans
70%
Red Velvet
68%
Stray Kids
68%
Girls' Generation
67%
ITZY
67%
(G)I-DLE
66%
LE SSERAFIM
66%
Seventeen
65%
TXT
63%
IVE
62%
BIGBANG
60%
ENHYPEN
58%
NCT DREAM
56%
ATEEZ
55%
MAMAMOO
55%
NCT 127
55%
NMIXX
54%
2NE1
53%
SHINee
53%
Super Junior
52%
Wonder Girls
51%
IZ*ONE
49%
GOT7
48%
Kep1er
45%
Monsta X
45%
iKON
44%
NCT U
44%
GFRIEND
43%
2PM
42%
LOONA
42%
MOMOLAND
42%
aPink
41%
Everglow
41%
f(x)
39%
STAYC
39%
BTOB
38%
AOA
37%
Astro
36%
FIFTY FIFTY
36%
fromis_9
36%
THE BOYZ
36%
Treasure
36%
2AM
35%
miss A
35%
Dreamcatcher
33%
K.A.R.D
33%
TVXQ!
33%
4MINUTE
32%
CLC
32%
Pentagon
32%
T-ara
32%
DAY6
31%
KARA
31%
BABYMONSTER
29%
OH MY GIRL
29%
Purple Kiss
29%
WINNER
29%
Sistar
28%
SuperM
28%
After School
27%
Black Swan
27%
Wanna One
27%
WJSN
27%
Billlie
26%
EXID
26%
Xdinary Heroes
26%
Block B
25%
CRAVITY
24%
Weeekly
24%
Cherry Bullet
22%
Girl's Day
22%
P1Harmony
22%
VIVIZ
22%
Weki Meki
22%
B.A.P
21%
INFINITE
21%
NU'EST
21%
The Rose
21%
Brown Eyed Girls
20%
VIXX
20%
AKMU
19%
Highlight
19%
Lovelyz
19%
ONEUS
19%
S.E.S
19%
SF9
19%
Gugudan
18%
Pristin
18%
Secret
18%
xikers
18%
CIX
17%
April
15%
DIA
15%
U-KISS
15%
9MUSES
14%
AB6IX
14%
B1A4
14%
Crayon POP
14%
Golden Child
14%
VAV
14%
Victon
14%
A.C.E
13%
Shinhwa
13%
tripleS
13%
CNBLUE
12%
Ladies CODE
12%
Secret Number
12%
TEEN TOP
12%
TRI.BE
12%
BOYFRIEND
11%
FTISLAND
11%
MCND
11%
OnlyOneOf
11%
TEMPEST
11%
100%
10%
DalShabet
10%
EPEX
10%
LABOUM
10%
MBLAQ
10%
Mirae
10%
ZE:A
10%
24K
9%
8TURN
9%
E'LAST
9%
Hello Venus
9%
ONEWE
9%
Stellar
9%
UP10TION
9%
Woo!ah!
9%
Bolbbalgan4
8%
Epik High
8%
FIESTAR
8%
Rainbow
8%
SECHSKIES
8%
Sonamoo
8%
TNX
8%
CLASS:y
7%
Davichi
7%
DKB
7%
GHOST9
7%
KNK
7%
BESTie
6%
GLAM
6%
History
6%
HOTSHOT
6%
TO1
6%
WEi
6%
BB GIRLS
5%
X:in
5%
ChocoLat
4%
Saturday
4%
SPICA
4%
MYNAME
3%
Playback
3%
TINY-G
3%

Score Distribution

Percentile by Number Answered

Percent of People with Each Score

Your Score History

You have not taken this quiz since the last reset